000 01116 a2200217 4500
020 _a0750626356
020 _a9780750626354
082 0 4 _a530.44
090 _c254
_d254
100 1 _aPitaevskii, L. P.
245 1 0 _aPhysical kinetics :
_b.
_nVolume 10 /
_cL. P. Pitaevskii, E.M. Lifshitz.
260 _a[S.l.] :
_bButterworth-Heinemann,
_c1981.
300 _a452 p. ;
_c25 cm.
490 1 _aCourse of theoretical physics.
520 _aThis volume is mainly concerned with a systematic development of the theory of plasmas, the authority being firmly rooted in the pioneering work of Landau. Corresponding results are also given for partially ionized plasmas, relativistic plasmas, degenerate or non-ideal plasmas and solid state plasmas.
700 1 _aLifshitz, E.M.
830 0 _aCourse of theoretical physics.
942 _aSNS
_cBK
_k530.44 LIF
999 _c28889
_d28889